00633nam a2200229 a 4500001001300000003000900013005001700022008004100039020001000080082002000090100002200110245002300132260004000155300000900195500003500204505001700239650001700256902000800273942000700281952010000288999001500388nice12345678IN_TiNIC20260116011523.0050524s1907 newa grp 000 0 eng  ac10000a305.480297bSOM aSommer, Annie Van aOur Moslem Sisters aNew YorkbFleming Revelle Co.c1907 a299p aincludes index and biblioraphy2 aBibliography aMuslim Women bSRS cBK 00104070aHMIbHMId2007-03-26g100.00l0o305.480297 SOMp1234r2007-03-26w2026-01-16yARB c2266d2266